[Event "Mallorca-ch School U16"]
[Site "Mallorca"]
[Date "2018.02.09"]
[Round "2"]
[White "Fernandez Rodriguez, Sara"]
[Black "Hernandez Garcia, Jose Andres"]
[Result "1-0"]
[WhiteElo "1696"]
[BlackElo "1105"]
[PlyCount "53"]
[EventDate "2018.02.02"]
[EventType "swiss"]
[EventRounds "6"]
[EventCountry "ESP"]
[SourceTitle "EXT 2024"]
[Source "ChessBase"]
[SourceDate "2023.10.10"]
[SourceVersion "1"]
[SourceVersionDate "2023.10.10"]
[SourceQuality "1"]

1. e4 e5 2. Nf3 Nc6 3. Bc4 h6 4. 0-0 Nf6 5. Re1 Bc5 6. c3 Ng4 7. d4 exd4 8. cxd4 Bb6 9. Nc3 Qf6 10. e5 Qd8 11. h3 Nxf2 12. Kxf2 0-0 13. Ne4 d5 14. exd6 cxd6 15. Bb3 Re8 16. Bf4 d5 17. Nd6 Rxe1 18. Kxe1 Nxd4 19. Nxd4 Qh4+ 20. g3 Qxh3 21. Bxd5 Bg4 22. Qd2 g5 23. Be5 Bc7 24. Nxf7 Bxe5 25. Nxg5+ Kh8 26. Nxh3 Bxh3 27. Qxh6# 1-0

[Event "Mallorca-ch School U16"]
[Site "Mallorca"]
[Date "2018.02.02"]
[Round "1"]
[White "Mateu Borrero, Miquel Angel"]
[Black "Fernandez Rodriguez, Sara"]
[Result "0-1"]
[WhiteElo "1286"]
[BlackElo "1696"]
[PlyCount "46"]
[EventDate "2018.02.02"]
[EventType "swiss"]
[EventRounds "6"]
[EventCountry "ESP"]
[SourceTitle "EXT 2024"]
[Source "ChessBase"]
[SourceDate "2023.10.10"]
[SourceVersion "1"]
[SourceVersionDate "2023.10.10"]
[SourceQuality "1"]

1. e4 e6 2. d4 d5 3. Nc3 Nf6 4. f3 c5 5. Bb5+ Nc6 6. Bxc6+ bxc6 7. Nge2 Qb6 8. 0-0 cxd4 9. Nxd4 e5 10. Be3 c5 11. Na4 Qa6 12. c3 cxd4 13. cxd4 exd4 14. Qxd4 Bb7 15. Qe5+ Qe6 16. Qc7 Qc6 17. Qe5+ Be7 18. Bc5 Qe6 19. Qc7 Qd7 20. Qe5 Kf8 21. Rfd1 Bc6 22. Bxe7+ Qxe7 23. Qd4 dxe4 0-1

[Event "Campos Migjorn op"]
[Site "Campos"]
[Date "2016.09.17"]
[Round "4"]
[White "Fernandez Rodriguez, Sara"]
[Black "Rubert Alfonso, Victor"]
[Result "0-1"]
[WhiteElo "1703"]
[BlackElo "1819"]
[PlyCount "90"]
[EventDate "2016.09.09"]
[EventType "swiss"]
[EventRounds "8"]
[EventCountry "ESP"]
[SourceTitle "EXT 2017"]
[Source "ChessBase"]
[SourceDate "2016.10.25"]
[SourceVersion "1"]
[SourceVersionDate "2016.10.25"]
[SourceQuality "1"]

1. e4 d5 2. exd5 Qxd5 3. Nc3 Qd8 4. d4 Nf6 5. Nf3 e6 6. Bg5 Bb4 7. Qd3 Nbd7 8. a3 Be7 9. b4 b6 10. Be2 Bb7 11. Na4 Be4 12. Qb3 Nd5 13. Bxe7 Qxe7 14. c4 Nf4 15. g3 Nxe2 16. Kxe2 0-0 17. Qe3 Bb7 18. c5 Nf6 19. Nc3 Nd5 20. Nxd5 Bxd5 21. Rhd1 Rfd8 22. Rac1 b5 23. Nd2 a5 24. Ra1 a4 25. Ne4 Bxe4 26. Qxe4 Rd5 27. Rd3 Qg5 28. h4 Qf6 29. Rad1 Rad8 30. Rf3 Qg6 31. Qxg6 hxg6 32. Rfd3 c6 33. Ke3 g5 34. hxg5 Rxg5 35. Ke4 f6 36. f4 Rgd5 37. R1d2 Kf7 38. Ke3 Rh8 39. Kf3 g5 40. Rd1 gxf4 41. gxf4 Rh3+ 42. Kg4 Rh2 43. Kg3 Rdh5 44. Kf3 R5h3+ 45. Ke4 Re2+ 0-1

[Event "Balears-ch U16 Girls"]
[Site "Mallorca"]
[Date "2016.05.21"]
[Round "2.3"]
[White "Cabello Ferrer, Raquel"]
[Black "Fernandez Rodriguez, Sara"]
[Result "0-1"]
[WhiteElo "1243"]
[BlackElo "1785"]
[PlyCount "118"]
[EventDate "2016.05.20"]
[EventType "tourn"]
[EventRounds "5"]
[EventCountry "ESP"]
[SourceTitle "EXT 2024"]
[Source "ChessBase"]
[SourceDate "2023.10.10"]
[SourceVersion "1"]
[SourceVersionDate "2023.10.10"]
[SourceQuality "1"]

1. e4 e5 2. Nf3 Nf6 3. Nxe5 d6 4. Nf3 Nxe4 5. Nc3 Nxc3 6. dxc3 Bg4 7. h3 Bh5 8. Qd5 Bxf3 9. Qxf3 c6 10. Bd3 Nd7 11. Bf4 Be7 12. 0-0 0-0 13. Rad1 Nf6 14. c4 Qb6 15. Qe3 Qxe3 16. Bxe3 d5 17. cxd5 Nxd5 18. Rfe1 Bf6 19. c3 Rfe8 20. Bc4 Nxe3 21. Rxe3 Rxe3 22. fxe3 Rd8 23. Rxd8+ Bxd8 24. e4 Bg5 25. Bd3 Kf8 26. Kf2 Bc1 27. b3 Bb2 28. c4 Ke7 29. Kf3 Ke6 30. Bb1 Ke5 31. Ke3 h6 32. Kf3 Bc1 33. Ke2 Kd4 34. Kd1 Bf4 35. Ke2 Kc3 36. Kd1 Kb2 37. Bd3 Kxa2 38. Kc2 Ka3 39. Be2 Kb4 40. Bf3 Be5 41. Be2 a5 42. Bd1 a4 43. bxa4 Kxc4 44. Kd2 Kb4 45. Kc1 b6 46. Kb1 c5 47. Kc1 Kc3 48. Bc2 c4 49. g4 Bf4+ 50. Kd1 Bg5 51. Bb1 Kb2 52. Bc2 c3 53. Bd3 Kb3 54. Bc2+ Kb4 55. Ke2 Kc4 56. Kd1 Kd4 57. Ke2 Bd2 58. Bd3 Ke5 59. Kf3 Kf6 0-1

[Event "Balears-ch U16 Girls"]
[Site "Mallorca"]
[Date "2016.05.21"]
[Round "3.1"]
[White "Fernandez Rodriguez, Sara"]
[Black "Prohens Lopez, Laia"]
[Result "1-0"]
[WhiteElo "1785"]
[BlackElo "1327"]
[PlyCount "93"]
[EventDate "2016.05.20"]
[EventType "tourn"]
[EventRounds "5"]
[EventCountry "ESP"]
[SourceTitle "EXT 2024"]
[Source "ChessBase"]
[SourceDate "2023.10.10"]
[SourceVersion "1"]
[SourceVersionDate "2023.10.10"]
[SourceQuality "1"]

1. e4 e5 2. Nf3 Nc6 3. Bc4 Nf6 4. d3 h6 5. 0-0 Bc5 6. Nbd2 0-0 7. c3 d6 8. Bb3 Bg4 9. Re1 Re8 10. Nf1 Qd7 11. Ng3 Rad8 12. Bc2 d5 13. exd5 Nxd5 14. Ne4 Bb6 15. h3 Bh5 16. Bb3 Nce7 17. Nxe5 Bxd1 18. Nxd7 Rxd7 19. Rxd1 Ng6 20. Bxd5 Rxd5 21. Bxh6 Ne5 22. d4 Nc4 23. Re1 Re6 24. Bf4 Nxb2 25. Ng5 Rxe1+ 26. Rxe1 Kf8 27. Re2 Nd1 28. Rc2 Ba5 29. Ne4 f5 30. Nc5 Bxc3 31. Bxc7 Rxd4 32. Ne6+ Ke7 33. Nxd4 Bxd4 34. Bg3 Nc3 35. Kf1 Ke6 36. Ke1 Kd5 37. Kd2 Ne4+ 38. Kd3 Nc5+ 39. Ke2 Ke4 40. f3+ Kd5 41. Bf2 Ne6 42. Rd2 Kc4 43. Bxd4 Nxd4+ 44. Ke3 Ne6 45. Rd7 Kb5 46. Rxb7+ Ka6 47. Re7 1-0

[Event "Palma Bellon Memorial U16"]
[Site "Palma"]
[Date "2016.04.30"]
[Round "4.1"]
[White "Fernandez Rodriguez, Sara"]
[Black "Ermachenko, Manuel"]
[Result "0-1"]
[WhiteElo "1768"]
[BlackElo "1387"]
[PlyCount "94"]
[EventDate "2016.04.29"]
[EventType "swiss"]
[EventRounds "6"]
[EventCountry "ESP"]
[SourceTitle "EXT 2024"]
[Source "ChessBase"]
[SourceDate "2023.10.10"]
[SourceVersion "1"]
[SourceVersionDate "2023.10.10"]
[SourceQuality "1"]

1. e4 c5 2. Nf3 e6 3. d4 cxd4 4. Nxd4 Nf6 5. Nc3 d6 6. Be3 Be7 7. f3 a6 8. Qd2 0-0 9. g4 Nc6 10. h4 Nxd4 11. Bxd4 e5 12. Be3 Be6 13. h5 h6 14. g5 hxg5 15. Bxg5 Nh7 16. Be3 Bg5 17. Rg1 Bxe3 18. Qxe3 Qh4+ 19. Qf2 Qxf2+ 20. Kxf2 Nf6 21. Rg5 Kh7 22. Kg3 Kh6 23. Kh4 Nh7 24. Rg2 g5+ 25. hxg6 fxg6 26. Be2 Rf4+ 27. Kg3 Nf6 28. Rh1+ Nh5+ 29. Kf2 Raf8 30. Rhg1 R8f6 31. Ke3 Rh4 32. Rf2 Nf4 33. Rd1 Bh3 34. Rh2 g5 35. Rdh1 Kg7 36. Nd5 Nxd5+ 37. exd5 Rfh6 38. Rg1 Kf6 39. Bd3 b5 40. b3 Bd7 41. Rhg2 R6h5 42. Be4 Bf5 43. c4 Bxe4 44. fxe4 bxc4 45. bxc4 Rf4 46. Rg3 Rfh4 47. Rb1 Rh3 0-1

[Event "Palma Bellon Memorial U16"]
[Site "Palma"]
[Date "2016.04.30"]
[Round "5.2"]
[White "Jimenez Anders, Valentin"]
[Black "Fernandez Rodriguez, Sara"]
[Result "1/2-1/2"]
[WhiteElo "1788"]
[BlackElo "1768"]
[PlyCount "86"]
[EventDate "2016.04.29"]
[EventType "swiss"]
[EventRounds "6"]
[EventCountry "ESP"]
[SourceTitle "EXT 2024"]
[Source "ChessBase"]
[SourceDate "2023.10.10"]
[SourceVersion "1"]
[SourceVersionDate "2023.10.10"]
[SourceQuality "1"]

1. d4 Nf6 2. Nf3 g6 3. g3 Bg7 4. Bg2 d6 5. c4 Bf5 6. Nc3 Nc6 7. 0-0 e5 8. d5 Ne7 9. c5 Ne4 10. Nxe4 Bxe4 11. Qa4+ c6 12. Qxe4 cxd5 13. Qb4 dxc5 14. Qxc5 0-0 15. Rd1 Qd7 16. Bg5 f6 17. Nxe5 Qe6 18. Bxf6 Bxf6 19. Bxd5 Nxd5 20. Qxd5 Qxd5 21. Rxd5 Rfe8 22. f4 Rac8 23. Kf2 Rc2 24. Rb1 Rc7 25. Nd3 Rce7 26. Re1 Kf7 27. e3 Rc8 28. Re2 Rc4 29. Kf3 Rce4 30. Ne5+ R4xe5 31. fxe5 Bxe5 32. e4 Ke6 33. Ke3 Rc7 34. Rd8 Ke7 35. Rd5 Ke6 36. Red2 Rc6 37. Rd7 Bxb2 38. Rxb7 Bc1 39. Rxa7 Rd6 40. Rxh7 Rxd2 41. Kf3 Rxa2 42. h4 Ra5 43. Rb7 Ba3 1/2-1/2

[Event "Palma Bellon Memorial U16"]
[Site "Palma"]
[Date "2016.04.29"]
[Round "2.2"]
[White "Fernandez Rodriguez, Sara"]
[Black "Cisneros Serra, Javier"]
[Result "1-0"]
[WhiteElo "1768"]
[BlackElo "1605"]
[PlyCount "55"]
[EventDate "2016.04.29"]
[EventType "swiss"]
[EventRounds "6"]
[EventCountry "ESP"]
[SourceTitle "EXT 2024"]
[Source "ChessBase"]
[SourceDate "2023.10.10"]
[SourceVersion "1"]
[SourceVersionDate "2023.10.10"]
[SourceQuality "1"]

1. e4 c5 2. Nf3 d6 3. d4 cxd4 4. Nxd4 Nf6 5. Nc3 Nc6 6. f3 e5 7. Nb3 Be7 8. Be3 0-0 9. Qd2 a6 10. 0-0-0 Qc7 11. g4 b5 12. h4 Bd7 13. h5 Rfb8 14. g5 Ne8 15. Nd5 Qd8 16. f4 a5 17. f5 a4 18. Na1 b4 19. g6 b3 20. Bc4 bxa2 21. Nxe7+ Qxe7 22. gxf7+ Kf8 23. fxe8Q+ Kxe8 24. Bxa2 d5 25. Qxd5 Nb4 26. Qg8+ Qf8 27. Qxf8+ Kxf8 28. Bc5+ 1-0

[Event "Balears-ch Amateurs"]
[Site "Palma de Mallorca"]
[Date "2016.03.27"]
[Round "5"]
[White "Fernandez Rodriguez, Sara"]
[Black "Munar Mut, Antoni"]
[Result "1-0"]
[WhiteElo "1734"]
[BlackElo "1900"]
[PlyCount "77"]
[EventDate "2016.03.24"]
[EventType "swiss"]
[EventRounds "6"]
[EventCountry "ESP"]
[SourceTitle "CBM 171 Extra"]
[Source "ChessBase"]
[SourceDate "2016.04.26"]
[SourceVersion "1"]
[SourceVersionDate "2016.04.26"]
[SourceQuality "1"]

1. e4 c5 2. Nf3 Nc6 3. d4 cxd4 4. Nxd4 e5 5. Nb3 Nf6 6. Nc3 Bb4 7. f3 d5 8. exd5 Nxd5 9. Bd2 Bxc3 10. bxc3 0-0 11. Bd3 Qh4+ 12. g3 Qh3 13. Qe2 Bf5 14. 0-0-0 Rac8 15. g4 Bxd3 16. Qxd3 Ndb4 17. cxb4 Rfd8 18. Qe4 b6 19. Rdg1 Qh4 20. g5 Qh5 21. Rg4 Nd4 22. Nxd4 Rxd4 23. Qb7 Rdd8 24. Qe4 Qh3 25. b5 Rd4 26. Qxe5 Rxg4 27. fxg4 Qd3 28. Qb2 Qf3 29. Re1 Qxg4 30. Qe5 h5 31. gxh6 Qg6 32. Bc3 Qxh6+ 33. Kb2 Rc5 34. Qe8+ Kh7 35. Rg1 f6 36. Qe7 Kh8 37. Rg3 Kh7 38. a4 Rh5 39. Bd2 1-0

[Event "Mallorca-ch U14"]
[Site "Mallorca"]
[Date "2016.03.18"]
[Round "6.2"]
[White "Fernandez Rodriguez, Sara"]
[Black "Cisneros Serra, Javier"]
[Result "1-0"]
[WhiteElo "1734"]
[BlackElo "1569"]
[PlyCount "47"]
[EventDate "2016.02.05"]
[EventType "swiss"]
[EventRounds "6"]
[EventCountry "ESP"]
[SourceTitle "EXT 2024"]
[Source "ChessBase"]
[SourceDate "2023.10.10"]
[SourceVersion "1"]
[SourceVersionDate "2023.10.10"]
[SourceQuality "1"]

1. e4 c5 2. Nc3 d6 3. f4 Nc6 4. Nf3 g6 5. Bc4 Bg7 6. 0-0 e6 7. d3 Nge7 8. Qe1 Nd4 9. Nxd4 cxd4 10. Ne2 0-0 11. Qg3 d5 12. Bb3 b6 13. Qh4 dxe4 14. dxe4 d3 15. cxd3 Qxd3 16. Nc3 Bd4+ 17. Rf2 Ba6 18. Kh1 Rfd8 19. Rf3 Bf6 20. Qxf6 Qd7 21. f5 gxf5 22. Bh6 Qd4 23. e5 Qg4 24. Rg3 1-0